Normal view
MARC view
- Bixler, Dave
Entry Personal Name
001 - CONTROL NUMBER
- control field: 96895
003 - CONTROL NUMBER IDENTIFIER
- control field: NUST
005 - DATE AND TIME OF LATEST TRANSACTION
- control field: 20220811144827.0
008 - FIXED-LENGTH DATA ELEMENTS
- fixed length control field: 220811|| aca||aabn | a|a d
040 ## - CATALOGING SOURCE
- Original cataloging agency: NUST
- Transcribing agency: NUST
100 ## - HEADING--PERSONAL NAME
- Personal name: Bixler, Dave
670 ## - SOURCE DATA FOUND
- Source citation: Work cat.: (NUST)183618: Bixler, Dave., MCSE Windows 2000 network infrastructure : (Include CD) :, c2000.
